| 000 | 00443cam a2200193 4500 | ||
|---|---|---|---|
| 001 | D13259 | ||
| 008 | 090401t1923 xxu||||| |||| 00| 0 eng d | ||
| 035 | _a(Sirsi) u8764 | ||
| 041 | _aeng | ||
| 100 | _aLeston, George Lionel | ||
| 245 | _aLand and mining surveying | ||
| 250 | _a4th | ||
| 260 |
_aLondon _bCrosby Lockwood _c1923 |
||
| 300 | _a375p | ||
| 350 | _a0 | ||
| 520 | _aShelf 118; 2 copies | ||
| 942 | _n0 | ||
| 948 | _c04/03/1997 | ||
| 999 |
_c86559 _d86559 |
||